000
00271 a2200121 4500
001
76726
082
_a
621.38043 IEE
090
_c
39245
_d
39245
100
_a
IEE
245
_a
advanced Signal Processing
260
_b
Peter Persy
_c
1989
_a
london
300
_a
297 p.
942
_a
NUST-CAE
_k
621.38043 IEE
999
_c
311799
_d
311799